000
00338nam a2200133Ia 4500
008
240624s9999 xx 000 0 und d
041
_a
eng
082
_a
658.8 JEF
100
_a
JEFFERY MARK
245
_a
DATA DRIVEN MARKETING THE 15 METRICS EVE
260
_c
2010
_a
New Jersey
_b
John Wiley & Sons
300
_a
320 : p.
365
_c
_b
30
999
_c
19296
_d
19296